Loading...
| History - American | 0 | 6 | 0 | 1 | 60 | 84 | 109.17 | 1 | 6 | 0.00 | 0.00 |
| Religion | 0 | 5 | 0 | 2 | 50 | 80 | 115.20 | 2 | 5 | 0.00 | 0.00 |
| Literature - British | 0 | 5 | 0 | 2 | 50 | 118 | 133.00 | 2 | 5 | 0.00 | 0.00 |
| Fine Arts - Visual | 0 | 4 | 1 | 0 | 35 | 122 | 125.25 | 2 | 4 | 0.00 | 0.00 |
| Science - Biology | 0 | 4 | 1 | 0 | 35 | 87 | 100.50 | 2 | 4 | 0.00 | 0.00 |
| Literature - European | 0 | 3 | 0 | 0 | 30 | 112 | 129.33 | 3 | 3 | 0.00 | 0.00 |
| Literature - World | 0 | 3 | 0 | 1 | 30 | 102 | 129.00 | 0 | 3 | 0.00 | 0.00 |
| Fine Arts - Auditory | 0 | 3 | 0 | 0 | 30 | 99 | 111.33 | 2 | 3 | 0.00 | 0.00 |
| Fine Arts - Other | 0 | 4 | 2 | 0 | 30 | 113 | 127.50 | 2 | 4 | 0.00 | 0.00 |
| History - European | 0 | 3 | 0 | 1 | 30 | 84 | 116.00 | 0 | 3 | 0.00 | 0.00 |
| History - Other | 0 | 4 | 2 | 0 | 30 | 75 | 117.75 | 0 | 4 | 0.00 | 0.00 |
| History - World | 1 | 2 | 1 | 0 | 30 | 57 | 92.00 | 2 | 3 | 0.00 | 0.00 |
| Pop Culture | 0 | 3 | 0 | 0 | 30 | 80 | 113.33 | 1 | 3 | 0.00 | 0.00 |
| Science - Chemistry | 0 | 3 | 1 | 1 | 25 | 129 | 138.33 | 1 | 3 | 0.00 | 0.00 |
| Science - Physics | 0 | 3 | 1 | 0 | 25 | 112 | 121.33 | 2 | 3 | 0.00 | 0.00 |
| Science - Other | 0 | 3 | 1 | 0 | 25 | 79 | 96.67 | 1 | 3 | 0.00 | 0.00 |
| Mythology | 0 | 3 | 2 | 1 | 20 | 86 | 106.67 | 1 | 3 | 0.00 | 0.00 |
| Philosophy | 0 | 2 | 0 | 0 | 20 | 102 | 106.50 | 0 | 2 | 0.00 | 0.00 |
| Social Science | 0 | 1 | 0 | 0 | 10 | 107 | 107.00 | 1 | 1 | 0.00 | 0.00 |
| Geography | 0 | 1 | 0 | 1 | 10 | 142 | 142.00 | 0 | 1 | 0.00 | 0.00 |
| Literature - American | 0 | 1 | 2 | 0 | 0 | 133 | 133.00 | 0 | 1 | 0.00 | 0.00 |